000 00490nam a2200169Ia 4500
003 GCL
008 140319s9999 xx 000 0 ara d
040 _aGCL /
_cGCL
082 0 4 _a813.01
_bع ا
100 1 _aعبدالحميد جوده السحار
245 1 0 _aارض الله /
_cعبدالحميد جوده السحار
300 _a188 ص
490 _aالكتاب الذهبى
_v0
650 0 4 _aالادب العربى
650 0 4 _aالقصص العربية
942 _2ddc
_cBK
999 _c38092
_d38092